LEADER 01357nam a2200301 u 4500 001 000000045698 003 CaOOAMICUS 005 20150924115231.0 008 990614s1995 it u000 u ita u 035 $a10826618 040 $aPUL(R)$bita 100 1 $aCasoli, Giovanni,$c1945-$0(OLS)http://pul/name/33301 245 10$aPresenza e assenza di Dio nella letteratura contemporanea /$cGiovanni Casoli. 260 $aRoma :$bCittà Nuova,$cc1995. 300 $a141 p.$c20 cm 490 1 $aIdee.$aSaggistica ;$v99 500 $aInclude indici. 650 4$aDio.$0(OLS)http://pul/subject/3878 830 0$aIdee.$pSaggistica ;$v99.$0(OLS)http://pul/title/61573 850 $aPUL 852 $aPUL$W1$xDP1 Fondo S. Lanza$y121$m9 A 5$j37078$qFondi$B169659$CPULBib$Z2$F169659 $HLAN2270 $82 852 $aPUL$W1$xDP1 Fondo Bordoni$y120$m8 A 1$j43963$qFondi$B176797$CPULBib$Z2$F176797 $HBor1133 $81 852 $aPUL$W1$xSL Filosofia 2$y80$mPhil A15 99$j61361$nBK-PRI$b $qStampati altre collocazioni$B61361$CPULBib$Z2$F61361 $H $81 941 1 $a10 941 1 $a1 961 $aINV: 72680 996 $6245$aPresenza e assenza di Dio nella letteratura contemporanea$9(OLS)http://pul/title/61629 996 $6260$aRoma :$bCittà Nuova$9(OLS)http://pul/publisher/47927 LEADER 01425nam a2200325 u 4500 001 000000063562 003 CaOOAMICUS 005 20070226121247.0 008 011030s1984 ne u000 u ger u 020 $a9024729475 020 $a9024723434 (series) 035 $a10908317 040 $aPUL$bita 100 1 $aHusserl, Edmund,$d1859-1938.$0(OLS)http://pul/name/10441 245 10$aEinleitung in die Logik und Erkenntnistheorie Vorlesungen 1906/07 /$cEdmund Husserl ; herausgegeben von Ullrich Melle. 260 $aDordrecht :$bM. Nijhoff,$cc1984. 300 $ali, 553 p. ;$c24 cm 490 1 $aHusserliana ;$vBd. 24 650 4$aFenomenologia.$0(OLS)http://pul/subject/1230 650 4$aLogica.$0(OLS)http://pul/subject/441 650 4$aTeoria della conoscenza.$0(OLS)http://pul/subject/449 700 1 $aMelle, Ullrich.$0(OLS)http://pul/name/43108 830 0$aHusserliana ;$vBd. 24.$0(OLS)http://pul/title/71568 850 $aPUL 852 $aPUL$W1$xSL Filosofia 1$y2$m86 M 24$j82480$nBK-PRI$b $qStampati$B82480$CPULBib$Z2$F82480 $H $81 941 1 $a8 996 $6020$a9024729475$9(OLS)http://pul/number/82483 996 $6020$a9024723434 (series)$9(OLS)http://pul/number/82417 996 $6245$aEinleitung in die Logik und Erkenntnistheorie Vorlesungen 1906/07$9(OLS)http://pul/title/84744 996 $6260$aDordrecht :$bM. Nijhoff$9(OLS)http://pul/publisher/63796